The EU in 2022 General Report on the Activites of the European Union
Salvato in:
| Ente Autore: | |
|---|---|
| Natura: | Libro |
| Lingua: | inglese |
| Pubblicazione: |
Luxembourg
Publications Office of the European Union
2023
|
| Soggetti: | |
| Tags: |
Nessun Tag, puoi essere il primo ad aggiungerne!!
|
MARC
| LEADER | 00000nam a2200000 4500 | ||
|---|---|---|---|
| 001 | 0297355 | ||
| 005 | 20240221115102.8 | ||
| 020 | |a 978-92-76-61875-1 | ||
| 020 | |a 978-92-76-61878-2 | ||
| 041 | 0 | |a eng | |
| 044 | |a LU | ||
| 245 | 1 | 0 | |a The EU in 2022 |b General Report on the Activites of the European Union |
| 264 | 1 | |a Luxembourg |b Publications Office of the European Union |c 2023 | |
| 300 | |a 124 s. | ||
| 610 | 2 | 0 | |a Európska únia |
| 610 | 2 | 0 | |a spolupráca hospodárska medzinárodná |
| 610 | 2 | 0 | |a konflikty medzinárodné |
| 610 | 2 | 0 | |a Rusko |
| 610 | 2 | 0 | |a Ukrajina |
| 610 | 2 | 0 | |a politika energetická |
| 610 | 2 | 0 | |a politika ekologická |
| 610 | 2 | 0 | |a digitalizácia |
| 610 | 2 | 0 | |a ochrana ľudských práv |
| 610 | 2 | 0 | |a politika hospodárska medzinárodná |
| 610 | 2 | 0 | |a politika sociálna |
| 110 | 2 | |a European Commission | |